|
|
|
|
| LEADER |
00000cam a22000004a 4500 |
| 001 |
musev2_48627 |
| 003 |
MdBmJHUP |
| 005 |
20230905045044.0 |
| 006 |
m o d |
| 007 |
cr||||||||nn|n |
| 008 |
170311s2016 xx o 00 0 eng d |
| 020 |
|
|
|a 9781612494739
|
| 020 |
|
|
|z 9781557537584
|
| 020 |
|
|
|z 9781612494722
|
| 020 |
|
|
|z 1612494730
|
| 020 |
|
|
|z 1612494722
|
| 020 |
|
|
|z 1557537585
|
| 035 |
|
|
|a (OCoLC)962065695
|
| 040 |
|
|
|a MdBmJHUP
|c MdBmJHUP
|
| 100 |
1 |
|
|a Fitzsimmons, Lorna.
|
| 245 |
1 |
0 |
|a Faust Adaptations from Marlowe to Aboudoma and Markland
|
| 264 |
|
1 |
|a West Lafayette :
|b Purdue University Press,
|c 2016.
|
| 264 |
|
3 |
|a Baltimore, Md. :
|b Project MUSE,
|c 2016
|
| 264 |
|
4 |
|c ©2016.
|
| 300 |
|
|
|a 1 online resource (196 pages).
|
| 336 |
|
|
|a text
|b txt
|2 rdacontent
|
| 337 |
|
|
|a computer
|b c
|2 rdamedia
|
| 338 |
|
|
|a online resource
|b cr
|2 rdacarrier
|
| 490 |
0 |
|
|a Comparative cultural studies
|
| 588 |
|
|
|a Description based on print version record.
|
| 600 |
1 |
7 |
|a Faust,
|d -approximately 1540.
|2 fast
|0 (OCoLC)fst01818112
|
| 600 |
1 |
0 |
|a Faust,
|d -approximately 1540
|x Appreciation.
|
| 600 |
1 |
0 |
|a Faust,
|d -approximately 1540
|v Adaptations.
|
| 650 |
|
7 |
|a Literature
|x Adaptations.
|2 fast
|0 (OCoLC)fst00999955
|
| 650 |
|
7 |
|a Art appreciation.
|2 fast
|0 (OCoLC)fst00815447
|
| 650 |
|
7 |
|a LITERARY CRITICISM / European / General
|2 bisacsh
|
| 650 |
|
7 |
|a BIOGRAPHY & AUTOBIOGRAPHY
|x Literary.
|2 bisacsh
|
| 655 |
|
7 |
|a Electronic books.
|2 local
|
| 710 |
2 |
|
|a Project Muse.
|e distributor
|
| 830 |
|
0 |
|a Book collections on Project MUSE.
|
| 856 |
4 |
0 |
|z Texto completo
|u https://projectmuse.uam.elogim.com/book/48627/
|
| 945 |
|
|
|a Project MUSE - Custom Collection
|
| 945 |
|
|
|a Project MUSE - 2016 Complete
|
| 945 |
|
|
|a Project MUSE - 2016 Literature
|